000 00993nam a2200265Ia 4500
003 OSt
005 20220923211145.0
006 a|||||r|||| 00| 0
007 ta
008 220922b |||||||| |||| 00| 0 hin d
020 _a8186684999 (hbk)
_c525
024 _a248,057
037 _b380, 11/02/2011, Swaraj Prakashan
_cTextual
040 _aARTS
_cARTS
_bhin
041 _2hin
_ahin
082 _aF.2'N5, 152P3
100 _aदीपक कुमार, संपा.
_9156315
245 0 _aप्रौद्योगिकी और भारत में अंग्रेजी राज
246 _aPraudyogikī aur bhārat mean aangrejī rāja
260 _aदिल्ली
_b ग्रंथ शिल्पी
_c2003
300 _a390पृ.
_ccm.
650 _aभाषाशास्त्र
_9158871
942 _hF.2'N5, 152P3
_cTEXL
_2CC
999 _c296077
_d296077